| 000 | 01624nam a22002537a 4500 | ||
|---|---|---|---|
| 005 | 20240724233237.0 | ||
| 008 | s2552 th tha d | ||
| 041 | _atha | ||
| 050 | _aTH1715 จ154ก 2552 | ||
| 100 | 0 | _aดรุณี มงคลสวัสดิ์ | |
| 245 | 1 | 0 | _aการศึกษาและออกแบบผนังโฟมสำเร็จรูปที่ใช้เป็นแบบหล่อคอนกรีตได้ในตัว เพื่อใช้ในการก่อสร้างบ้านประหยัดพลังงาน และเพื่อการผลิตทางอุตสาหกรรม |
| 260 | 3 |
_aกรุงเทพฯ : _bสถาบันวิจัยและพัฒนา มหาวิทยาลัยศิลปากร, _c2552 |
|
| 300 |
_a1 เล่ม : _b ภาพประกอบ, ตาราง ; _c 29 ซม. |
||
| 650 | 0 | 4 | _aบ้าน -- การอนุรักษ์พลังงาน -- วิจัย |
| 650 | 0 | 4 | _aอาคาร -- การออกแบบและการสร้าง -- วิจัย |
| 650 | 0 | 4 | _aสถาปัตยกรรมกับการอนุรักษ์พลังงาน -- วิจัย |
| 650 | 0 | 4 | _aผนัง -- วิจัย |
| 650 | 0 | 4 | _aโฟม -- วิจัย |
| 850 | _aNALT | ||
| 942 | _cRSH | ||
| 997 | _aบ22640 | ||
| 997 | _c000000000060461 | ||
| 998 | _aนางสาวชัชฎา จูฑะรักษ์ | ||
| 999 |
_c60461 _d60461 |
||